[Event "Stuttgart-chB int"]
[Site "Ditzingen"]
[Date "2006.05.27"]
[Round "6"]
[White "Schuch, Martin"]
[Black "Neubauer, Philipp"]
[Result "1/2-1/2"]
[WhiteElo "1354"]
[BlackElo "1141"]
[PlyCount "51"]
[EventDate "2006.05.25"]
[EventType "swiss"]
[EventRounds "7"]
[EventCountry "GER"]
[SourceTitle "EXT 2018"]
[Source "ChessBase"]
[SourceDate "2017.10.13"]
[SourceVersion "1"]
[SourceVersionDate "2017.10.13"]
[SourceQuality "1"]

1. c4 e5 2. Nc3 Nf6 3. b3 Bb4 4. Bb2 0-0 5. e4 d6 6. Be2 Be6 7. Nf3 Nbd7 8. d3 c6 9. 0-0 Qa5 10. Nb1 Qd8 11. a3 Ba5 12. b4 Bb6 13. Ng5 Qe7 14. Nd2 Ng4 15. Nxe6 Nxf2 16. Rxf2 Bxf2+ 17. Kxf2 fxe6+ 18. Kg1 Qf6 19. Nf3 c5 20. Bc1 h6 21. Be3 Rac8 22. Rb1 Rc7 23. b5 b6 24. a4 Qd8 25. Bf2 Nf6 26. Nd2 1/2-1/2